Представление документа в формате MARC21

Поле Инд. ПП Название Значение
Тип записи a
Библиографический уровень m
001 Контрольный номер 9a77968f-a1f4-49ee-b1d2-2deae9d541ae
005 Дата корректировки 20140226112620.4
008 Кодируемые данные 000707 d
080 a Индекс УДК 530.145.6(075.8)
084 a Индекс другой классификации/Индекс ББК В314я731-1
090 x Авторский знак К32
a Полочн. индекс В314
245 a Заглавие Квантовая механика и квантовая химия
n Номер части/ раздела Разд. 1
p Название части/ раздела Квантовая механика
b Продолж. заглавия Метод.указания и задания для самостоят.работы студентов ДО и ВО спец. 01.08 - химия
c Ответственность Твер. гос. ун-т. Каф. физ. химии; Сост. Л.Ю. Васильева
260 1_ a Место издания Тверь
c Дата издания 1991
300 a Объем 15 с.
504 a Библиография Библиогр.:с.15
650 a Основная рубрика Квантовая механика
x Основная подрубрика Учебники для вузов
653 a Ключевые слова Квантовая механика
a Ключевые слова Учебники
a Ключевые слова Труды Тверского государственного университета
700 1_ a Другие авторы Васильева Л.Ю.
e Роль лиц сост.
710 a Организация/ юрисдикция Тверской государственный университет
930 a Новая/Ретро учебники
999 a Подразделение 2 Фил3